La révolution sous le voile : (Record no. 3864)

MARC details
000 -LEADER
fixed length control field 00518nam a22001817a 4500
001 - CONTROL NUMBER
control field 3864
003 - CONTROL NUMBER IDENTIFIER
control field FISKH
005 - DATE AND TIME OF LATEST TRANSACTION
control field 20240607121340.0
008 - FIXED-LENGTH DATA ELEMENTS--GENERAL INFORMATION
fixed length control field 240520b cb ||||| |||| 00| 0 fre d
040 ## - CATALOGING SOURCE
Original cataloging agency FISKH
Language of cataloging eng
Transcribing agency FISKH
Modifying agency FISKH
082 ## - DEWEY DECIMAL CLASSIFICATION NUMBER
Classification number 324
100 ## - MAIN ENTRY--PERSONAL NAME
Personal name Rodriguez, Clarence
245 ## - TITLE STATEMENT
Title La révolution sous le voile :
Statement of responsibility, etc. Clarence Rodriguez
260 ## - PUBLICATION, DISTRIBUTION, ETC.
Place of publication, distribution, etc. Paris :
Name of publisher, distributor, etc. First Editions,
Date of publication, distribution, etc. 2014
300 ## - PHYSICAL DESCRIPTION
Extent 311 pages :
Dimensions 23 cm
520 ## - SUMMARY, ETC.
Summary, etc. A story from women who defied driving bans in Saudi Arabia
942 ## - ADDED ENTRY ELEMENTS (KOHA)
Source of classification or shelving scheme Dewey Decimal Classification
Koha item type Books
Suppress in OPAC No
Holdings
Withdrawn status Lost status Source of classification or shelving scheme Damaged status Not for loan Collection Home library Current library Shelving location Date acquired Total Checkouts Full call number Barcode Date last seen Price effective from Koha item type
    Dewey Decimal Classification     Non-Fiction Footprints International School Library Network Toul Kork Campus Footprints International School Library Network Toul Kork Campus TK Floor 4 Rear Hallway Shelf 1 (Adult/Secondary Foriegn Language/Khmer) 05/20/2024   ROD 921 2024-0644 05/20/2024 05/20/2024 Books